Business intelligence: estrategias para una implementación exitosa

Guardat en:
Dades bibliogràfiques
Autor principal: Howson, Cindi (Autor)
Format: Llibre
Idioma:espanyol
Publicat: Ciudad de México McGraw-Hill 2009
Matèries:
Etiquetes: Afegir etiqueta
Sense etiquetes, Sigues el primer a etiquetar aquest registre!

MARC

LEADER 00000nam a2200000 a 4500
001 UCH5792
003 CL-VaPUC
008 091029e20090000MX |||||||||||||||||spa|d
020 |a 9789701067598 
082 0 4 |a 658.401  |b HOW  |2 21 
100 0 |a Howson, Cindi  |e author  |9 542120 
245 1 0 |a Business intelligence: estrategias para una implementación exitosa 
300 |a 244 p 
942 |c BK 
945 |d 20091029 00:00:00  |a rbrito 
260 |a Ciudad de México  |b McGraw-Hill  |c 2009 
650 0 |a Negocios  |9 262468 
650 0 |a Exito en los negocios   |9 271740 
650 0 |a Planificación estratégica   |9 259735 
650 0 |a Gestión administrativa  |9 375217 
650 7 |a INTELIGENCIA DE NEGOCIO  |2 CL-VaPUC  |9 542121 
583 |a last modification  |c 20091029 00:00:00  |k Rodrigo Vera 
999 |c 336839  |d 336837 
952 |0 0  |1 0  |4 0  |6 658_401000000000000_HOW_2009  |7 0  |8 A  |9 428823  |a BIBENE  |b BIBENE  |d 2019-11-22  |i 4613023  |o 658.401 HOW 2009  |p 4613023  |r 2025-01-15  |w 2019-11-22  |y BK  |k ICO